000 00478nam a22001937a 4500
003 CEME
005 20210628210031.0
008 210210b xxu||||| |||| 00| 0 eng d
020 _a0-471-31651-2
040 _c.
082 _a621.36456 DER
100 _aDerose, James.F
_977933
245 _aThe wireless data handbook
250 _a4TH
260 _aNEWYORK
_bPRENTICE HALL
_c1999
300 _a387P
650 _aWIRELESS COMMUNICATION SYSTEMS
_9594
942 _cBK
_2ddc
999 _c583107
_d583107